[Event "Amazon"]
[Site "http://www.queenalice.com/game.php?id=31165"]
[Date "2005.10.1"]
[Round "-"]
[White "Marcellus"]
[Black "Pekraf"]
[Result "0-1"]
[WhiteElo "1341"]
[BlackElo "2035"]

1. e4 c6 2. Nf3 d5 3. exd5 cxd5 4. d4 Nf6 5. Bd3 Bg4 6. h3 Bxf3 7. Qxf3 e6 8.
O-O Bd6 9. Nc3 Nc6 10. Nb5 Be7 11. Bf4 Rc8 12. Qg3 O-O 13. Rfe1 a6 14. Bh6 Nh5
15. Qg4 axb5 16. c3 g6 17. Bxf8 Bxf8 18. Bxb5 Bd6 19. g3 Nf6 20. Qg5 Kg7 21.
Rad1 Qb6 22. Qd2 Qxb5 23. a3 Ne4 24. Qc2 Na5 25. Kh2 Nc4 26. Re2 Qb6 27. Kg1 Rc6
28. Kg2 Nxb2 29. Qxb2 Nxc3 30. Rd3 Nxe2 31. Qxe2 Qb1 32. Qf3 Rc1 33. Rb3 Rg1+
34. Kh2 Qf1 35. a4 g5 36. a5 h5 37. Rc3 h4 38. Qxf7+ Kxf7 39. Rf3+ Kg6 40. Rf6+
Kxf6 41. a6 Qxf2# 0-1

[Event "Challenge"]
[Site "http://www.queenalice.com/game.php?id=31166"]
[Date "2005.10.1"]
[Round "-"]
[White "Adam"]
[Black "Pekraf"]
[Result "0-1"]
[WhiteElo "1747"]
[BlackElo "1500"]

1. d4 d5 2. c4 c6 3. Nc3 Bf5 4. Nf3 e6 5. cxd5 cxd5 6. Bg5 Be7 7. Bxe7 Nxe7 8.
e3 Nbc6 9. Bb5 O-O 10. O-O a6 11. Ba4 b5 12. Bc2 Qd6 13. Re1 Rfd8 14. e4 dxe4
15. Nxe4 Qb4 16. b3 Nxd4 17. Nxd4 Rxd4 18. Qf3 Rc8 19. Nf6+ gxf6 20. Bxf5 Nxf5
21. Qb7 Rc2 22. Rac1 Qd2 23. Rb1 Qxf2+ 24. Kh1 Rd5 25. Rg1 Ng3+ 26. hxg3 Rh5#
0-1

[Event "AUTO-OPEN-153"]
[Site "http://www.queenalice.com/game.php?id=31296"]
[Date "2005.10.2"]
[Round "1"]
[White "Chakal69"]
[Black "Pekraf"]
[Result "0-1"]
[WhiteElo "1525"]
[BlackElo "1838"]

1. e4 c6 2. Nf3 d5 3. e5 Bg4 4. d4 e6 5. Be2 Ne7 6. Nc3 Nf5 7. h3 Bxf3 8. Bxf3
Bb4 9. O-O O-O 10. a3 Bxc3 11. bxc3 Nd7 12. a4 Qa5 13. Bd2 c5 14. c4 Qc7 15.
cxd5 Nxd4 16. d6 Nxf3+ 17. Qxf3 Qc8 18. Qe2 c4 19. c3 Qc5 20. Bf4 Rac8 21. Rfb1
b6 22. Rb5 Qc6 23. Rb4 h6 24. Rxc4 Qxc4 25. Qd2 Qxc3 26. Qe2 Qxa1+ 0-1

[Event "AUTO-OPEN-153"]
[Site "http://www.queenalice.com/game.php?id=31297"]
[Date "2005.10.2"]
[Round "1"]
[White "Pekraf"]
[Black "Chakal69"]
[Result "1-0"]
[WhiteElo "1824"]
[BlackElo "1525"]

1. d4 d5 2. c4 Nf6 3. Nc3 Bf5 4. Nf3 e6 5. Bg5 h6 6. Bxf6 Qxf6 7. e3 Nc6 8. cxd5
exd5 9. a3 Bd6 10. Be2 Qe6 11. Qb3 b6 12. Bb5 O-O 13. Bxc6 Rad8 14. Bxd5 Qe7 15.
O-O Be6 16. Bxe6 Qxe6 17. Qxe6 fxe6 18. Nb5 a6 19. Nxd6 cxd6 20. Rac1 d5 21. Rc6
Rc8 22. Rfc1 Rb8 23. Rxe6 Rbc8 24. Rec6 Rb8 25. Ne5 a5 26. Nd7 Rbe8 27. Nxf8 1-0

[Event "AUTO-OPEN-153"]
[Site "http://www.queenalice.com/game.php?id=31322"]
[Date "2005.10.2"]
[Round "1"]
[White "otax"]
[Black "Pekraf"]
[Result "0-1"]
[WhiteElo "1293"]
[BlackElo "1824"]

1. d4 d5 2. c4 c6 3. Nf3 Bg4 4. e3 e6 5. Be2 Nf6 6. Nc3 Bb4 7. Bd2 O-O 8. Qb3
Bxc3 9. Bxc3 Qc7 10. O-O Nbd7 11. Rfe1 Ne4 12. Rac1 f5 13. cxd5 exd5 14. Nd2
Bxe2 15. Rxe2 Ndf6 16. f3 Nxc3 17. bxc3 Rae8 18. Qc2 Nh5 19. Rce1 Re6 20. e4 Nf4
21. Re3 Rg6 22. g3 fxe4 23. fxe4 Nh3+ 24. Kh1 Nf2+ 25. Kg2 Ng4 26. Rf3 Nxh2 27.
Rxf8+ Kxf8 28. e5 Qf7 29. Kxh2 Qf2+ 0-1

[Event "Challenge"]
[Site "http://www.queenalice.com/game.php?id=33375"]
[Date "2005.10.15"]
[Round "-"]
[White "Rafale2000"]
[Black "Pekraf"]
[Result "0-1"]
[WhiteElo "1501"]
[BlackElo "1849"]

1. f4 d5 2. Nf3 g6 3. e3 Bg7 4. Be2 Nf6 5. O-O c5 6. b3 O-O 7. Nc3 Nc6 8. Bb2
Re8 9. d3 e5 10. fxe5 Nxe5 11. d4 cxd4 12. exd4 Neg4 13. Bc1 Ne3 14. Bxe3 Rxe3
15. Qd2 Re6 16. Rae1 Bd7 17. Ng5 Rd6 18. Nb5 Bxb5 19. Qe3 Bxe2 20. Qxe2 Ne4 21.
Nxf7 Bxd4+ 22. Kh1 Qh4 23. h3 Ng3+ 0-1

[Event "Let's Play Chess!"]
[Site "http://www.queenalice.com/game.php?id=34303"]
[Date "2005.10.22"]
[Round "-"]
[White "Pekraf"]
[Black "BogusBogart"]
[Result "1-0"]
[WhiteElo "1974"]
[BlackElo "2017"]

1. d4 d5 2. c4 c6 3. Nf3 Nf6 4. Nc3 dxc4 5. a4 Bf5 6. e3 e6 7. Bxc4 Bb4 8. O-O
O-O 9. Nh4 Bg4 10. f3 Bh5 11. g4 Nd5 12. Ng2 Bg6 13. Na2 Ba5 14. e4 Ne7 15. Kh1
Nd7 16. b4 Bc7 17. Nf4 a5 18. Be3 Qb8 19. Qd2 e5 20. Nxg6 hxg6 21. Bg5 Nf6 22.
d5 cxd5 23. exd5 axb4 24. Nxb4 Bd6 25. Rfb1 Rc8 26. Na6 Qa7 27. Be3 b6 28. Rxb6
Bc5 29. Bxc5 Rxc5 30. Nxc5 Qxb6 31. Ne4 Rd8 32. a5 Qa7 33. Nxf6+ gxf6 34. a6 Nc6
35. d6 1-0

[Event "Let's Play Chess!"]
[Site "http://www.queenalice.com/game.php?id=34524"]
[Date "2005.10.23"]
[Round "-"]
[White "Pekraf"]
[Black "dnptrs"]
[Result "1-0"]
[WhiteElo "1855"]
[BlackElo "1914"]

1. d4 Nf6 2. c4 e6 3. Nf3 d5 4. Nc3 c6 5. e3 Be7 6. Bd3 O-O 7. O-O h6 8. b3 Nbd7
9. Bb2 dxc4 10. bxc4 c5 11. d5 e5 12. Nd2 Bd6 13. a4 Qc7 14. Nb5 Qb8 15. Nxd6
Qxd6 16. a5 Ne8 17. f4 exf4 18. exf4 Rb8 19. Qf3 b6 20. Qg3 Nef6 21. Be5 1-0

[Event "AUTO-ELITE-11"]
[Site "http://www.queenalice.com/game.php?id=34795"]
[Date "2005.10.25"]
[Round "1"]
[White "aknightout"]
[Black "Pekraf"]
[Result "0-1"]
[WhiteElo "1806"]
[BlackElo "2022"]

1. Nf3 Nf6 2. g3 g6 3. b4 Bg7 4. Bb2 O-O 5. Bg2 c6 6. O-O a5 7. a3 axb4 8. axb4
Rxa1 9. Bxa1 d5 10. Na3 Qd6 11. Qb1 Bf5 12. Nd4 Bg4 13. c4 e5 14. c5 Qc7 15. Nf3
e4 16. Be5 Qd7 17. Qb2 Qe6 18. Ng5 Qf5 19. f3 Nbd7 20. fxg4 Qxe5 21. Qxe5 Nxe5
0-1

[Event "AUTO-ELITE-11"]
[Site "http://www.queenalice.com/game.php?id=34796"]
[Date "2005.10.25"]
[Round "1"]
[White "Pekraf"]
[Black "aknightout"]
[Result "1-0"]
[WhiteElo "2008"]
[BlackElo "1806"]

1. d4 Nf6 2. c4 d6 3. Nf3 g6 4. Nc3 Bg7 5. e4 O-O 6. h3 e5 7. d5 a5 8. Be2 Na6
9. Bg5 h6 10. Be3 Qe7 11. g4 Nc5 12. Qc2 Kh7 13. g5 Nh5 14. O-O-O Nf4 15. gxh6
Bxh6 16. h4 Ng2 17. Bxh6 Kxh6 18. h5 gxh5 19. Qd2+ Nf4 20. Rxh5+ Kxh5 21. Nxe5+
1-0

[Event "AUTO-ELITE-11"]
[Site "http://www.queenalice.com/game.php?id=34815"]
[Date "2005.10.25"]
[Round "1"]
[White "Pekraf"]
[Black "razoman"]
[Result "1-0"]
[WhiteElo "1901"]
[BlackElo "1952"]

1. d4 Nf6 2. c4 e6 3. Nf3 d5 4. Nc3 c6 5. e3 Nbd7 6. Bd3 Be7 7. O-O O-O 8. b3
dxc4 9. bxc4 Nb6 10. Bb2 Qc7 11. Qc2 h6 12. e4 Nh7 13. e5 Ng5 14. Nxg5 Bxg5 15.
Qe2 Bd7 16. Ba3 Rfe8 17. Ne4 Be7 18. Bxe7 Rxe7 19. Nf6+ Kf8 20. Qe4 g6 21. Qh4
h5 22. Qg5 Ree8 23. Nh7+ Kg7 24. Qf6+ Kxh7 25. Qxf7+ Kh8 26. Qf6+ 1-0

[Event "AUTO-ELITE-11"]
[Site "http://www.queenalice.com/game.php?id=34816"]
[Date "2005.10.25"]
[Round "1"]
[White "razoman"]
[Black "Pekraf"]
[Result "0-1"]
[WhiteElo "1931"]
[BlackElo "1942"]

1. e4 c6 2. d4 d5 3. e5 Bf5 4. Bd3 Bxd3 5. Qxd3 e6 6. Nf3 Qa5+ 7. Bd2 Qa6 8.
Qxa6 Nxa6 9. c3 Ne7 10. Nh4 c5 11. O-O Nc6 12. Nf3 Be7 13. a3 O-O 14. Be3 cxd4
15. cxd4 Rac8 16. b4 Nc7 17. Nc3 Na8 18. Ne2 Nb6 19. Nd2 a6 20. Nb3 Nc4 21. Bf4
b6 22. Nd2 f6 23. Nxc4 dxc4 24. Rac1 b5 25. exf6 Bxf6 26. Bd6 Rfd8 27. Bc5 Nxd4
28. Nf4 e5 29. Bxd4 exd4 30. Ne6 Re8 31. Nc5 d3 32. Rcd1 Red8 33. Rfe1 d2 34.
Re2 c3 35. Nb3 c2 0-1

[Event "AUTO-OPEN-153"]
[Site "http://www.queenalice.com/game.php?id=65891"]
[Date "2006.4.28"]
[Round "2"]
[White "Pekraf"]
[Black "ayrton"]
[Result "0-1"]
[WhiteElo "2045"]
[BlackElo "1741"]

1. d4 d5 2. c4 c6 3. Nc3 Nf6 4. e3 Bf5 5. cxd5 cxd5 6. Qb3 b6 7. Bb5+ Bd7 8.
Nxd5 e6 9. Nxf6+ Qxf6 10. Nf3 Bd6 11. O-O O-O 12. Bd2 a6 13. Bd3 b5 14. Bb4 Bxb4
15. Qxb4 Nc6 16. Qc5 Rfc8 17. Be4 Rc7 18. Ne5 Qd8 19. Nxd7 Qxd7 20. a4 Raa7 21.
axb5 Ne7 22. Bxh7+ Kxh7 23. Qh5+ Kg8 24. b6 g6 25. Qe5 Nc6 26. Qf4 Rcb7 27. bxa7
Rxa7 28. Rfc1 Kg7 29. d5 Qxd5 0-1

[Event "AUTO-OPEN-153"]
[Site "http://www.queenalice.com/game.php?id=65892"]
[Date "2006.4.28"]
[Round "2"]
[White "ayrton"]
[Black "Pekraf"]
[Result "1-0"]
[WhiteElo "1769"]
[BlackElo "2008"]

1. e4 c6 2. d4 d5 3. e5 Bf5 4. Bd3 Bxd3 5. Qxd3 e6 6. Nf3 Qa5+ 7. c3 Qa6 8. Qc2
Nd7 9. Bf4 Ne7 10. b3 Ng6 11. Be3 Be7 12. c4 dxc4 13. bxc4 c5 14. O-O O-O 15.
Nbd2 Rac8 16. a4 Rfd8 17. Rfd1 cxd4 18. Bxd4 Nb6 19. Bxb6 Qxb6 20. Rab1 Qc6 21.
Rb3 Qxa4 22. g3 a5 23. h4 b5 24. Rc3 Qxc2 25. Rxc2 a4 26. Kf1 b4 27. Ke2 b3 28.
Rb2 Bb4 29. Ra1 Bc3 30. Rbb1 1-0

[Event "AUTO-ELITE-11"]
[Site "http://www.queenalice.com/game.php?id=72765"]
[Date "2006.5.29"]
[Round "2"]
[White "Pekraf"]
[Black "ENDHER"]
[Result "1-0"]
[WhiteElo "1976"]
[BlackElo "2211"]

1. d4 Nf6 2. c4 e6 3. Nf3 b6 4. a3 Bb7 5. Nc3 d5 6. cxd5 Nxd5 7. e3 g6 8. Bb5+
c6 9. Bd3 Bg7 10. e4 Nf4 11. Bxf4 O-O 12. e5 c5 13. Be4 Bxe4 14. Nxe4 Qd5 15.
Nd6 cxd4 16. Qxd4 Qb3 17. Rc1 Nd7 18. Rc7 Nc5 19. O-O Qd3 20. Rd1 Qxd4 21. Nxd4
g5 22. Bxg5 Bxe5 23. Be7 Bxd6 24. Bxd6 Rfc8 25. Nc6 Rxc7 26. Bxc7 h5 27. Rd8+
Rxd8 28. Bxd8 Nb7 29. Bc7 Na5 30. Nxa5 bxa5 31. Bxa5 f5 32. f3 Kf7 33. Bc3 a6
34. b4 Ke7 35. Be5 Kd7 36. h4 Kc6 37. g4 Kd5 38. Ba1 fxg4 39. fxg4 hxg4 40. h5
1-0

[Event "AUTO-ELITE-11"]
[Site "http://www.queenalice.com/game.php?id=72766"]
[Date "2006.5.29"]
[Round "2"]
[White "ENDHER"]
[Black "Pekraf"]
[Result "0-1"]
[WhiteElo "2150"]
[BlackElo "2006"]

1. d4 d5 2. c4 c6 3. Nc3 e6 4. e4 dxe4 5. Nxe4 Bb4+ 6. Bd2 Qxd4 7. Bxb4 Qxe4+ 8.
Be2 Na6 9. Ba5 Bd7 10. Nf3 Nf6 11. Qd6 Qf5 12. Ne5 Qxf2+ 13. Kxf2 Ne4+ 14. Kf3
Nxd6 15. Rad1 Ke7 16. Rd2 Be8 17. Rhd1 Nf5 18. Bd8+ Rxd8 19. Rxd8 f6 20. Ng4 e5
21. Ne3 Nd4+ 22. R8xd4 exd4 23. Rxd4 Bg6 24. g4 Nc5 25. Nf5+ Bxf5 26. gxf5 a5
27. Rg4 g5 28. Rd4 h5 29. Ke3 g4 30. h3 g3 31. h4 Rg8 32. Rd1 g2 33. Rg1 Rg3+
34. Kf4 Rh3 35. Rxg2 Rxh4+ 36. Kg3 Rd4 37. Rh2 h4+ 38. Rxh4 Rd2 39. Bf3 Rxb2 40.
Rh7+ Kd6 41. Rh2 Rxh2 42. Kxh2 Na4 43. Kg3 b5 44. cxb5 cxb5 45. Kf4 Nc3 46. Ke3
Nxa2 47. Kd4 a4 48. Kd3 Kc5 49. Kc2 b4 50. Kb2 Nc3 51. Bh5 Nb5 52. Bd1 a3+ 53.
Kb3 Nd4+ 0-1

[Event "AUTO-ELITE-11"]
[Site "http://www.queenalice.com/game.php?id=72767"]
[Date "2006.5.29"]
[Round "2"]
[White "Pekraf"]
[Black "pensalo"]
[Result "0-1"]
[WhiteElo "2030"]
[BlackElo "2260"]

1. d4 Nf6 2. c4 d6 3. Nc3 g6 4. e4 Bg7 5. Nf3 O-O 6. Be2 Nbd7 7. O-O e5 8. Be3
exd4 9. Nxd4 Re8 10. f3 Nc5 11. Qd2 a5 12. Ndb5 b6 13. Rad1 Bb7 14. Rfe1 Qd7 15.
Nd5 Nxd5 16. cxd5 Rf8 17. b3 f5 18. exf5 Rxf5 19. Bc4 Re5 20. Nd4 Qf7 21. Nc6
Ree8 22. Bg5 Bf6 23. Bxf6 Qxf6 24. Nd4 Kh8 25. a3 Rxe1+ 26. Rxe1 a4 27. b4 Nb3
28. Nxb3 axb3 29. Bxb3 Rxa3 30. Re6 Qa1+ 31. Kf2 Ra8 32. Re7 Qf6 33. Rxc7 Ra3
34. Qh6 Qd4+ 35. Kg3 Qe5+ 0-1

[Event "AUTO-ELITE-11"]
[Site "http://www.queenalice.com/game.php?id=72768"]
[Date "2006.5.29"]
[Round "2"]
[White "pensalo"]
[Black "Pekraf"]
[Result "1-0"]
[WhiteElo "2254"]
[BlackElo "2038"]

1. e4 c6 2. d4 d5 3. Nc3 dxe4 4. Nxe4 Bf5 5. Ng3 Bg6 6. h4 h6 7. h5 Bh7 8. Nf3
Nf6 9. Bd3 Bxd3 10. Qxd3 e6 11. Bf4 Bd6 12. Be5 Bxe5 13. dxe5 Qxd3 14. cxd3 Nd5
15. Ne4 O-O 16. Nd6 Nd7 17. d4 b6 18. Rd1 Rad8 19. Rh4 f6 20. a3 a5 21. Nc4 Kh7
22. Re4 f5 23. Rh4 Rg8 24. Nd6 Nb8 25. Rc1 Rd7 26. b3 Rf8 27. Kd2 Ne7 28. Kd3
Na6 29. g3 Nc7 30. Nd2 Ncd5 31. Rh3 Rg8 32. N2c4 Rf8 33. f4 Rg8 34. Kd2 Rdd8 35.
Ne3 Nxe3 36. Kxe3 1-0